01157nam a22003137a 4500003000500000005001700005008004100022010001000063011001000073035001000083040000900093082001500102100002600117245008800143260003600231300001100267590004100278590004100319590004100360590004200401650003700443650004400480650005700524901000700581942001000588949008300598999001700681952014500698CHAP20220329135702.0971013s1993 r 00010 d a40554 a41526 a45652 cCHAP a628.53bM300aMarket, Bernd.971435 aPlants as biomonitorsb: indicators for heavy metals in the terrestrial environment aWeinheim, Germany :bVCH,c1993 a644 p. aBATCH-UPDb10c20130110lUCH01h1530 aBATCH-UPDb10c20130410lUCH01h0937 aBATCH-UPDb10c20130914lUCH01h1631 aCONVERSIONb10c20130109lUCH01h132214aIndicadores biológicos.95756114aMedio ambientexContaminación.97406914aMetales pesadosxEfecto en el medio ambiente.975170 aBK cLIBRO a628.53 M3bBCcLIBROd33724000002440eLIBROgI.175664h86587i45652sit679.82 c40554d40554 00102ddc4052708GRALaBCbBCcPP_GRALd2019-12-31eI.175664fLIBROl0o628.53 M3p33724000002440r2019-12-31 00:00:00w2019-12-31yLIBRO